01063nam0a22002411 4500001001100000005001700011021001900028035002600047100004100073101000800114102000700122105001800129200008500147210004400232215003500276327014100311464017100452700011000623702002900733801001800762801002200780852001900802rc\335453520250609183234.0 aRUb[71-89603] a(NLR Aleph) 007438299 a20130115d1971 |||y0rusy50 ca0 arus aRU ac z |||a|1 aПьесыe[ПереводыfПослесл. И. Киселева, с. 379-398 aМоскваcИскусствоd1971] a399 с., 1 л. портр.d171 aСодерж.: Камо; Мария; Последняя встреча; Фауст и смерть; Гроза над Гавойями 012001#$aКамо$aМария$aПоследняя встреча$aФауст и смерть$aГроза над ГавойямиtГроза над Гавойями 17ca8rusaЛевадаbА. С.f1909-1995gАлександр Степанович3RU\NLR\AUTH\770211804 1aКиселевbИ.4080 0aRUbNLRgpsbo 1aRUbELAR2rusmarc aNLRj71-2/2482